00303 a2200109 450000500170000002000220001708200100003910000150004924500200006426000680008430000410015220250612043550.0 a978-9976-78-072-7 a346.7 aKAZOBA.K.G aBusiness Law A5 aDar Es SalaambNational Board of Accountants and Auditorsc2019 aviii,310p.:ill.;DiagrambIndexc29cm